The D.E.N.N.I.S. System Quiz - Statistics

General Stats
  • This quiz has been taken 609 times
    608 since last reset
  • The average score is 5 of 6
Answer Stats
Problem Answer % Correct
N Neglect Emotionally
92%
D Demonstrate Value
87%
E Engage Physically
86%
S Separate Entirely
81%
N Nurturing Dependence
77%
I Inspire Hope
66%
No matching quizzes found
Score Distribution
Percent of People with Each Score
Percentile by Number Answered
Your Score History
You have not taken this quiz since the last reset